00847pam a2200241 a 450000100060000000300080000600500170001400800390003102000240007003500190009404000320011304100080014508200250015324500670017826000430024530000340028850400410032265000310036370000330039494200120042799900170043995201490045610647BD-RjUL20211208235006.0140125s1986 enka b 001 0 eng a058230136X (pbk.) : a(BD-RjUL)10695 aDLCcDLCdDLCdBD-RjULbeng aeng00a910.02223bPRO 198600aProcesses in physical geography /cR.D. Thompson ... [et al.]. aLondon ;aNew York :bLongman,cc1986. axii, 380 p. :bill. ;c24 cm. aBibliography: p. 358-367. and index. 0aPhysical geography.9329181 aThompson, Russell D.9223916 2ddccBK c10647d10647 00102ddc40708NFICaRUCLbRUCLcReadingd1990-05-22eKarim Internationalg13.95l0o910.02 PRO 1986r2014-01-25 00:00:00tC-1w2021-12-08yBK